| 000 | 00671nam a2200217Ia 4500 | ||
|---|---|---|---|
| 003 | OSt | ||
| 005 | 20220926012019.0 | ||
| 006 | a|||||r|||| 00| 0 | ||
| 007 | ta | ||
| 008 | 220923b |||||||| |||| 00| 0 eng d | ||
| 037 | _cGeneral Book | ||
| 040 |
_aRTL _cRTL _beng |
||
| 041 |
_2eng _aeng |
||
| 082 | _aT9(L)p2,N65, K8 | ||
| 111 |
_aIndian Association for the Advancement of Medical Education Conference (5th) (1965 : Delhi) _9315422 |
||
| 245 | 0 |
_aProceedings _b Postgraduate medical education in Ind |
|
| 260 |
_aNew York _bAsia _c1968 |
||
| 300 |
_axx,723p _ccm. |
||
| 942 |
_hT9(L)p2,N65, K8 _cGB _2CC |
||
| 999 |
_c621540 _d621540 |
||